Un puñado de centeno / (Registro nro. 2879)

Detalles MARC
000 -LEADER
campo de control de longitud fija 00558nam a22001937a 4500
001 - NÚMERO DE CONTROL
campo de control 2879
003 - IDENTIFICADOR DE NÚMERO DE CONTROL
campo de control HMS
005 - FECHA Y HORA DE LA ÚLTIMA TRANSACCIÓN
campo de control 20260409102738.0
008 - DATOS DE LONGITUD FIJA--INFORMACIÓN GENERAL
campo de control de longitud fija 251024e1957 spaa|||gr|||| 00| f spa
040 ## - FUENTE DE CATALOGACIÓN
Centro catalogador/agencia de origen hms
Lengua de catalogación spa
Centro/agencia transcriptor hms
082 04 - NÚMERO DE LA CLASIFICACIÓN DECIMAL DEWEY
Número de clasificación 823 C555
100 1# - ENTRADA PRINCIPAL--NOMBRE DE PERSONA
Nombre de persona Christie, Agatha,
Fechas asociadas al nombre 1890-1976
Término indicativo de función/relación autora
9 (RLIN) 4511
245 13 - MENCIÓN DEL TÍTULO
Título Un puñado de centeno /
Mención de responsabilidad, etc. Agatha Christie.
Medio [libro]
260 ## - PUBLICACIÓN, DISTRIBUCIÓN, ETC.
Lugar de publicación, distribución, etc. Barcelona, España :
Nombre del editor, distribuidor, etc. PONSA,
Fecha de publicación, distribución, etc. [1957]
300 ## - DESCRIPCIÓN FÍSICA
Extensión 253 páginas ;
Dimensiones 17 cm.
490 0# - MENCIÓN DE SERIE
Mención de serie Selecciones de Biblioteca de Oro
650 #7 - PUNTO DE ACCESO ADICIONAL DE MATERIA--TÉRMINO DE MATERIA
Término de materia o nombre geográfico como elemento de entrada Novelas inglesas
9 (RLIN) 4512
942 ## - ELEMENTOS DE ENTRADA SECUNDARIOS (KOHA)
Fuente del sistema de clasificación o colocación Clasificación Decimal Dewey
Tipo de ítem Koha Colección Patrimonial
Suprimir en OPAC No
Existencias
Estatus retirado Estado de pérdida Fuente del sistema de clasificación o colocación Estado de daño No para préstamo Colección Biblioteca de origen Biblioteca actual Ubicación en estantería Fecha de adquisición Fuente de adquisición Número de inventario Total de préstamos Signatura topográfica completa Código de barras Visto por última vez Copia número Precio de reemplazo Tipo de ítem Koha
    Clasificación Decimal Dewey     Colección Reserva Biblioteca Hospital Militar de Santiago Biblioteca Hospital Militar de Santiago Full Space 23/10/2025 Donación 001254   823 C555 [1957] 001254 23/10/2025 c.1 23/10/2025 Colección Patrimonial


Biblioteca Hospital Militar de Santiago / Av. Alcalde Fernando Castillo Velasco 9100
Teléfono: 22 331 7229 / E-mail: biblioteca@hms.cl
Horarios de Atención
Lunes a Viernes de: 08:00 a 13:00 hrs / 14:00 a 17:00 hrs